[Event "Nizhnij Novgorod-ch HL"]
[Site "Nizhnij Novgorod"]
[Date "2009.11.14"]
[Round "?"]
[White "Dragunov, Sergey"]
[Black "Shadrina, Tatiana"]
[Result "0-1"]
[WhiteElo "2265"]
[BlackElo "2381"]
[PlyCount "96"]
[EventDate "2009.11.14"]
[EventType "swiss"]
[EventRounds "9"]
[EventCountry "RUS"]
[SourceTitle "EXT 2022"]
[Source "ChessBase"]
[SourceDate "2021.10.06"]
[SourceVersion "1"]
[SourceVersionDate "2021.10.06"]
[SourceQuality "1"]

1. e4 c5 2. Nf3 Nc6 3. d4 cxd4 4. Nxd4 g6 5. c4 Nf6 6. Nc3 Nxd4 7. Qxd4 d6 8. Be2 Bg7 9. Bg5 0-0 10. Rc1 a5 11. b3 Be6 12. Qe3 a4 13. b4 Re8 14. 0-0 Nd7 15. Nd5 a3 16. Kh1 Bb2 17. Rcd1 Bxd5 18. exd5 Qc7 19. Qb3 Nf6 20. Bc1 Bxc1 21. Rxc1 Qb6 22. Bf3 Rec8 23. Kg1 Qa7 24. Rfe1 Kf8 25. Qc3 b6 26. Re3 Rc7 27. Qd4 Rac8 28. Rec3 Kg7 29. Qe3 Qa6 30. Be2 Qa4 31. Rxa3 Qxb4 32. Rb3 Qa5 33. Rcb1 Qxa2 34. Rxb6 Qa7 35. R6b3 Qxe3 36. Rxe3 Kf8 37. g3 g5 38. h3 Ra8 39. Rb2 Nd7 40. f4 gxf4 41. gxf4 Nc5 42. Kg2 Rca7 43. Kf2 Ra3 44. Rxa3 Rxa3 45. Rb8+ Kg7 46. Bf1 Ne4+ 47. Kg1 Ng3 48. Bg2 Ne2+ 0-1

[Event "Nizhnij Novgorod Region-ch"]
[Site "Nizhnij Novgorod"]
[Date "2007.10.??"]
[Round "?"]
[White "Dragunov, Sergey"]
[Black "Rakov, Anatoly"]
[Result "1-0"]
[WhiteElo "2251"]
[BlackElo "2088"]
[PlyCount "53"]
[EventDate "2007.10.??"]
[EventType "swiss"]
[EventRounds "9"]
[EventCountry "RUS"]
[SourceTitle "EXT 2009"]
[Source "ChessBase"]
[SourceDate "2008.11.26"]
[SourceVersion "1"]
[SourceVersionDate "2008.11.26"]
[SourceQuality "1"]

1. e4 d5 2. exd5 Qxd5 3. Nc3 Qd6 4. d4 c6 5. Bc4 Be6 6. Bxe6 Qxe6+ 7. Nge2 Qg4 8. 0-0 e6 9. f3 Qf5 10. Re1 Be7 11. d5 exd5 12. Nd4 Qf6 13. b4 a6 14. Na4 Nd7 15. Bb2 0-0-0 16. Ne6 Qg6 17. Nxd8 Kxd8 18. a3 Ngf6 19. Qd4 Bd6 20. Nc5 Kc7 21. Nxd7 Kxd7 22. Qa7 Rb8 23. Be5 Ne8 24. c4 Bxe5 25. Rxe5 Qd6 26. Rae1 Rc8 27. Rxe8 1-0

[Event "Nizhnij Novgorod Region-ch"]
[Site "Nizhnij Novgorod"]
[Date "2007.10.??"]
[Round "?"]
[White "Voitsekhovsky, Stanislav"]
[Black "Dragunov, Sergey"]
[Result "1/2-1/2"]
[WhiteElo "2495"]
[BlackElo "2251"]
[PlyCount "62"]
[EventDate "2007.10.??"]
[EventType "swiss"]
[EventRounds "9"]
[EventCountry "RUS"]
[SourceTitle "EXT 2009"]
[Source "ChessBase"]
[SourceDate "2008.11.26"]
[SourceVersion "1"]
[SourceVersionDate "2008.11.26"]
[SourceQuality "1"]

1. e4 c5 2. Nc3 Nc6 3. Bb5 g6 4. Bxc6 dxc6 5. d3 Bg7 6. Nge2 e5 7. Be3 Qe7 8. Qd2 Nf6 9. f3 Nd7 10. a3 a5 11. 0-0 a4 12. b3 axb3 13. cxb3 0-0 14. Na4 b6 15. Nb2 Rd8 16. a4 Rb8 17. Qc2 Nf8 18. a5 Ne6 19. axb6 Rxb6 20. Nc4 Rb8 21. Rfd1 h5 22. Ra5 Qb7 23. Ra3 Qd7 24. Qa2 Qe7 25. Ra7 Rd7 26. Ra4 Rdb7 27. Rb1 Nd4 28. Nxd4 cxd4 29. Bd2 Be6 30. Qc2 Bxc4 31. Rxc4 Qa3 1/2-1/2